| 000 | 01158cam a22002894a 4500 | ||
|---|---|---|---|
| 001 | 13619323 | ||
| 003 | NUST-PNEC | ||
| 005 | 20170116180709.0 | ||
| 008 | 040608s2005 gaua b 001 0 eng | ||
| 010 | _a 2004053290 | ||
| 020 | _a0881734349 | ||
| 020 | _a0881734357 | ||
| 040 |
_aDLC _cPNEC _dDLC |
||
| 042 | _apcc | ||
| 050 | 0 | 0 |
_aTJ289 _b.H53 2005 |
| 082 | 0 | 0 | _a621.194 HES |
| 100 | 1 |
_aHeselton, Kenneth E., _d1943- |
|
| 245 | 1 | 0 |
_aBoiler operator's handbook / _cby Kenneth E. Heselton. |
| 260 |
_aLilburn, GA : _bFairmont Press ; _aNew York : _bM. Dekker, _c2005. |
||
| 300 |
_avii, 405 p. : _bill. ; _c29 cm. |
||
| 500 | _ahttp://www.amazon.com/Boiler-Operators-Handbook-Kenneth-Heselton/dp/0881734349/ref=sr_1_1?s=books&ie=UTF8&qid=1412231230&sr=1-1&keywords=0881734349 | ||
| 504 | _aIncludes bibliographical references (p. 396) and index. | ||
| 650 | 0 |
_aSteam-boilers _xHandbooks, manuals, etc. _xME |
|
| 906 |
_a7 _bcbc _corignew _d1 _eocip _f20 _gy-gencatlg |
||
| 942 |
_2ddc _cBK |
||
| 999 |
_c60891 _d60891 |
||